LAW OF TORTS (Record no. 5713)

MARC details
000 -LEADER
fixed length control field 00320nam a22001337a 4500
005 - DATE AND TIME OF LATEST TRANSACTION
control field 20210831130325.0
008 - FIXED-LENGTH DATA ELEMENTS--GENERAL INFORMATION
fixed length control field 180628b xxu||||| |||| 00| 0 eng d
041 ## - LANGUAGE CODE
Language code of text/sound track or separate title eng
100 ## - MAIN ENTRY--AUTHOR NAME
Personal name BANGIA, DR, R.K.
245 ## - TITLE STATEMENT
Title LAW OF TORTS
260 ## - PUBLICATION, DISTRIBUTION, ETC. (IMPRINT)
Place of publication FARIDABAD
Name of publisher ALLAHABAD LAW AGENCY
Year of publication 2017
300 ## - PHYSICAL DESCRIPTION
Number of Pages 703p,
942 ## - ADDED ENTRY ELEMENTS (KOHA)
Koha item type Books
Holdings
Lost status Damaged status Collection code Home library Current library Shelving location Date acquired Cost, normal purchase price Full call number Accession Number Koha item type
    LAW JRU Library JRU Library SHELF-29-C 28/06/2018 475.00 346.03 22387 Books
    LAW JRU Library JRU Library SHELF-29-C 28/06/2018 475.00 346.03 22388 Books